00618nam a2200145 a 450000100100000000500170001000800410002704000250006808200170009311001180011024501380022826000360036630000300040265000400043200002132720200930011312.0100906s1993 dr c r 000 0 spa d aDO-SdBNPbspacBNPHU a370.1bR426s1 aRepública DominicanabSecretaría de Estado de Educación, Bellas Artes y CultosbPlan Decenal de Educación10aReunión consultiva de donadores sobre el plan decenal de educación :bplanteamientos principales del plan decenal de educación. aSanto Domingo :bUNESCO,c1993. a55 p. :bretrs. ;c26 cm. 4aEducaciónzRepública Dominicana